R & D in social reproduction (Record no. 26332)

MARC details
000 -LEADER
fixed length control field 00268nam a2200109Ia 4500
082 ## - DEWEY DECIMAL CLASSIFICATION NUMBER
Classification number 301.17
Item number NIK
100 ## - MAIN ENTRY--AUTHOR NAME
Personal name Nikolayev, A
245 #0 - TITLE STATEMENT
Title R & D in social reproduction
260 ## - PUBLICATION, DISTRIBUTION, ETC. (IMPRINT)
Place of publication Moscow
Name of publisher Progress
Year of publication 1975
942 ## - ADDED ENTRY ELEMENTS (KOHA)
Koha item type Books
Holdings
Withdrawn status Lost status Damaged status Not for loan Home library Current library Date acquired Cost, normal purchase price Full call number Accession Number Koha item type
        RRII Library RRII Library 16/12/2021 9.00 301.17 NIK 06969 Books